000 01107nam a22002657a 4500
003 OSt
005 20260213062349.0
008 220503b mp ||||| |||| 00| 0 mon d
020 _a9919957216
_q(зөөлөн хавтастай)
040 _aMN-MNUMS
_bMON
_cMN-MNUMS
_dMN-MNUMS
_erda
082 _a155.1
_bИ 56
_221
100 _aКишими Ичиро
_953820
_eзохиогч
245 _aАд үзэгдэх зориг:
_c/Япон хэлнээс орчуулсан: ТОМё БОДё; Редактор: Д. Түмэн-Өлзий; Б. Болор-Эрдэнэ
264 _aУлаанбаатар:
_bМөнхийн үсэг
300 _a219хуудастай.
546 _aМонгол
_b(кирилл)
650 4 _aфилософи
650 4 _aзалуу
_969165
650 4 _aад үзэгдэх зориг
_969166
700 _aКога Фүмитакэ
_953822
_eзохиогч
700 _aТОМё БОДё
_eорчуулсан
_969167
700 _aТүмэн-Өлзий Д
_953823
_eредактор
700 _aБолор- эрдэнэ Б
_921696
_eредактор
942 _2ddc
_cBK
999 _c25304
_d25304